| 000 | 00513nam a2200169 4500 | ||
|---|---|---|---|
| 001 | 138714 | ||
| 003 | ES-MaACL | ||
| 007 | t| | ||
| 008 | 070214s1952 sp r ||||1| spa d | ||
| 245 | 0 | 3 |
_aEl Santo Sudario en España _b: documentos y vestigios. |
| 260 |
_aBarcelona : _bVicente Ferrer, _c1952. |
||
| 300 |
_a141 p., 10 lám. : _bil. ; _c19 cm. |
||
| 490 | 1 |
_aBiblioteca Sindoniana ; _v8 |
|
| 830 | 0 |
_aBiblioteca Sindoniana ; _v8 _9187106 |
|
| 852 |
_aES-MaACL _jC-7949 _bR.34525 |
||
| 999 |
_c138714 _d138714 |
||